Truyện cổ Chăm
Shranjeno v:
| Format: | Knjiga |
|---|---|
| Jezik: | Undetermined |
| Izdano: |
Hà Nợi
Văn hoá dân tộc
2012
|
| Teme: | |
| Oznake: |
Označite
Brez oznak, prvi označite!
|
| Thư viện lưu trữ: | Trung tâm Học liệu Trường Đại học Cần Thơ |
|---|
| LEADER | 00578nam a2200169Ia 4500 | ||
|---|---|---|---|
| 001 | CTU_179754 | ||
| 008 | 210402s9999 xx 000 0 und d | ||
| 082 | |a 398.209597 | ||
| 082 | |b Tr527 | ||
| 245 | 0 | |a Truyện cổ Chăm | |
| 245 | 0 | |c S.t., biên dịch: Trương Hiến Mai, Nguyễn Thị Bạch Cúc, Sở Văn Ngọc, Trương Tôn | |
| 260 | |a Hà Nợi | ||
| 260 | |b Văn hoá dân tộc | ||
| 260 | |c 2012 | ||
| 650 | |a Folk literature,Văn học dân gian | ||
| 910 | |a Nguyên | ||
| 980 | |a Trung tâm Học liệu Trường Đại học Cần Thơ | ||